Statistics for Countries that Boycotted the 1980 Moscow Olympics

Click here to take the quiz!

General Stats

  • This quiz has been taken 1,021 times
  • The average score is 19 of 57

Answer Stats

Answer% Correct
United States
99%
Canada
90%
West Germany
81%
Japan
74%
South Korea
68%
China
57%
Argentina
56%
Norway
54%
Egypt
53%
Israel
50%
Turkey
50%
Chile
49%
Indonesia
47%
Saudi Arabia
44%
Pakistan
44%
Thailand
41%
Panama
39%
Morocco
36%
Malaysia
35%
Bahamas
32%
Kenya
31%
Niger
31%
Singapore
31%
Bolivia
31%
Uruguay
31%
Haiti
30%
Honduras
30%
Tunisia
30%
United Arab Emirates
30%
Paraguay
30%
Philippines
29%
Zaire
27%
El Salvador
27%
Sudan
26%
Belize
25%
Albania
24%
Bangladesh
24%
Barbados
23%
Antigua and Barbuda
23%
Chad
23%
Bahrain
22%
Somalia
21%
Ghana
18%
Suriname
16%
Fiji
15%
Togo
15%
Liberia
14%
Monaco
13%
Papua New Guinea
11%
Gabon
10%
Central African Republic
10%
Gambia
9%
Liechtenstein
9%
Malawi
7%
Mauritius
6%
Swaziland
4%
Cote d'Ivoire
4%

Score Distribution

Percentile by Number Answered

Percent of People with Each Score

Your Score History

You have not taken this quiz